<?xml version="1.0" encoding="UTF-8"?>
<collection xmlns="http://www.loc.gov/MARC21/slim">
 <record>
  <leader>09119nas a22010211  4500</leader>
  <controlfield tag="001">1/50309</controlfield>
  <controlfield tag="008">020626c19909999gr mrzp       0   g0gre d</controlfield>
  <datafield tag="035" ind1=" " ind2=" ">
   <subfield code="l">23883</subfield>
  </datafield>
  <datafield tag="040" ind1=" " ind2=" ">
   <subfield code="a">GR-PeUP</subfield>
  </datafield>
  <datafield tag="090" ind1=" " ind2=" ">
   <subfield code="a">Αλφαβητικη σειρά</subfield>
  </datafield>
  <datafield tag="245" ind1="0" ind2="0">
   <subfield code="a">Τουριστική αγορά :</subfield>
   <subfield code="b">μηνιαίο περιοδικό για την τουριστική βιομηχανία</subfield>
  </datafield>
  <datafield tag="260" ind1=" " ind2=" ">
   <subfield code="a">Αθήνα :</subfield>
   <subfield code="b">Compupress A.E.,</subfield>
   <subfield code="c">[1990]-</subfield>
  </datafield>
  <datafield tag="300" ind1=" " ind2=" ">
   <subfield code="a">τ. :</subfield>
   <subfield code="b">εικ. ;</subfield>
   <subfield code="c">28 εκ.</subfield>
  </datafield>
  <datafield tag="310" ind1=" " ind2=" ">
   <subfield code="a">11 τχ. το χρόνο</subfield>
  </datafield>
  <datafield tag="362" ind1="0" ind2=" ">
   <subfield code="a">Τχ. 100(Ιαν. 1998) - τχ. 165 (Δεκ. 2003)</subfield>
  </datafield>
  <datafield tag="362" ind1="0" ind2=" ">
   <subfield code="a">Τχ. 166 (Ιαν. 2004)-</subfield>
  </datafield>
  <datafield tag="546" ind1=" " ind2=" ">
   <subfield code="a">Ελληνική</subfield>
  </datafield>
  <datafield tag="650" ind1=" " ind2="4">
   <subfield code="a">Τουριστική οργάνωση</subfield>
   <subfield code="x">Ελλάδα</subfield>
   <subfield code="v">Περιοδικά.</subfield>
  </datafield>
  <datafield tag="650" ind1=" " ind2="4">
   <subfield code="a">Τουρισμός</subfield>
   <subfield code="v">Περιοδικά.</subfield>
  </datafield>
  <datafield tag="852" ind1=" " ind2=" ">
   <subfield code="a">INST</subfield>
   <subfield code="b">UNIPILB</subfield>
   <subfield code="c">SERIALS</subfield>
   <subfield code="e">20051014</subfield>
   <subfield code="h">Αλφαβητική σειρά</subfield>
   <subfield code="p">47538</subfield>
   <subfield code="q">47538</subfield>
   <subfield code="t">NOLOAN</subfield>
   <subfield code="v">τεύχ.184:(Μήνας)Οκτώβριος;(Έτος)2005</subfield>
   <subfield code="y">23</subfield>
  </datafield>
  <datafield tag="852" ind1=" " ind2=" ">
   <subfield code="a">INST</subfield>
   <subfield code="b">UNIPILB</subfield>
   <subfield code="c">SERIALS</subfield>
   <subfield code="e">20051111</subfield>
   <subfield code="h">Αλφαβητική σειρά</subfield>
   <subfield code="p">48256</subfield>
   <subfield code="q">48256</subfield>
   <subfield code="t">NOLOAN</subfield>
   <subfield code="v">τεύχ.185:(Μήνας)Νοέμβριος;(Έτος)2005</subfield>
   <subfield code="y">23</subfield>
  </datafield>
  <datafield tag="852" ind1=" " ind2=" ">
   <subfield code="a">INST</subfield>
   <subfield code="b">UNIPILB</subfield>
   <subfield code="c">SERIALS</subfield>
   <subfield code="e">20051213</subfield>
   <subfield code="h">Αλφαβητική σειρά</subfield>
   <subfield code="p">49040</subfield>
   <subfield code="q">49040</subfield>
   <subfield code="t">NOLOAN</subfield>
   <subfield code="v">τεύχ.186:(Μήνας)Δεκέμβριος;(Έτος)2005</subfield>
   <subfield code="y">23</subfield>
  </datafield>
  <datafield tag="852" ind1=" " ind2=" ">
   <subfield code="a">INST</subfield>
   <subfield code="b">UNIPILB</subfield>
   <subfield code="c">SERIALS</subfield>
   <subfield code="e">20060201</subfield>
   <subfield code="h">Αλφαβητική σειρά</subfield>
   <subfield code="p">49926</subfield>
   <subfield code="q">49926</subfield>
   <subfield code="t">NOLOAN</subfield>
   <subfield code="v">τεύχ.187:(Μήνας)Ιανουάριος;(Έτος)2006</subfield>
   <subfield code="y">23</subfield>
  </datafield>
  <datafield tag="852" ind1=" " ind2=" ">
   <subfield code="a">INST</subfield>
   <subfield code="b">UNIPILB</subfield>
   <subfield code="c">SERIALS</subfield>
   <subfield code="e">20080909</subfield>
   <subfield code="h">Αλφαβητική σειρά</subfield>
   <subfield code="p">61445</subfield>
   <subfield code="q">61445</subfield>
   <subfield code="t">NOLOAN</subfield>
   <subfield code="v">τεύχ.212:(Μήνας)Απρίλιος;(Έτος)2008</subfield>
   <subfield code="y">23</subfield>
  </datafield>
  <datafield tag="852" ind1=" " ind2=" ">
   <subfield code="a">INST</subfield>
   <subfield code="b">UNIPILB</subfield>
   <subfield code="c">SERIALS</subfield>
   <subfield code="e">20080909</subfield>
   <subfield code="h">Αλφαβητική σειρά</subfield>
   <subfield code="p">61446</subfield>
   <subfield code="q">61446</subfield>
   <subfield code="t">NOLOAN</subfield>
   <subfield code="v">τεύχ.213:(Μήνας)Μάιος;(Έτος)2008</subfield>
   <subfield code="y">23</subfield>
  </datafield>
  <datafield tag="852" ind1=" " ind2=" ">
   <subfield code="a">INST</subfield>
   <subfield code="b">UNIPILB</subfield>
   <subfield code="c">SERIALS</subfield>
   <subfield code="e">20080909</subfield>
   <subfield code="h">Αλφαβητική σειρά</subfield>
   <subfield code="p">61447</subfield>
   <subfield code="q">61447</subfield>
   <subfield code="t">NOLOAN</subfield>
   <subfield code="v">τεύχ.214:(Μήνας)Ιούνιος;(Έτος)2008</subfield>
   <subfield code="y">23</subfield>
  </datafield>
  <datafield tag="852" ind1=" " ind2=" ">
   <subfield code="a">INST</subfield>
   <subfield code="b">UNIPILB</subfield>
   <subfield code="c">SERIALS</subfield>
   <subfield code="e">20080909</subfield>
   <subfield code="h">Αλφαβητική σειρά</subfield>
   <subfield code="p">61448</subfield>
   <subfield code="q">61448</subfield>
   <subfield code="t">NOLOAN</subfield>
   <subfield code="v">τεύχ.215:(Μήνες)Ιούλ./Αύγ.;(Έτος)2008</subfield>
   <subfield code="y">23</subfield>
  </datafield>
  <datafield tag="852" ind1=" " ind2=" ">
   <subfield code="a">INST</subfield>
   <subfield code="b">UNIPILB</subfield>
   <subfield code="c">SERIALS</subfield>
   <subfield code="e">20080930</subfield>
   <subfield code="h">Αλφαβητική σειρά</subfield>
   <subfield code="p">61624</subfield>
   <subfield code="q">61624</subfield>
   <subfield code="t">NOLOAN</subfield>
   <subfield code="v">τεύχ.216:(Μήνας)Σεπτέμβριος;(Έτος)2008</subfield>
   <subfield code="y">23</subfield>
  </datafield>
  <datafield tag="852" ind1=" " ind2=" ">
   <subfield code="a">INST</subfield>
   <subfield code="b">UNIPILB</subfield>
   <subfield code="c">SERIALS</subfield>
   <subfield code="e">20081029</subfield>
   <subfield code="h">Αλφαβητική σειρά</subfield>
   <subfield code="p">61861</subfield>
   <subfield code="q">61861</subfield>
   <subfield code="t">NOLOAN</subfield>
   <subfield code="v">τεύχ.217:(Μήνας)Οκτώβριος;(Έτος)2008</subfield>
   <subfield code="y">23</subfield>
  </datafield>
  <datafield tag="852" ind1=" " ind2=" ">
   <subfield code="a">INST</subfield>
   <subfield code="b">UNIPILB</subfield>
   <subfield code="c">SERIALS</subfield>
   <subfield code="e">20081125</subfield>
   <subfield code="h">Αλφαβητική σειρά</subfield>
   <subfield code="p">62131</subfield>
   <subfield code="q">62131</subfield>
   <subfield code="t">NOLOAN</subfield>
   <subfield code="v">τεύχ.218:(Μήνας)Νοέμβριος;(Έτος)2008</subfield>
   <subfield code="y">23</subfield>
  </datafield>
  <datafield tag="852" ind1=" " ind2=" ">
   <subfield code="a">INST</subfield>
   <subfield code="b">UNIPILB</subfield>
   <subfield code="c">SERIALS</subfield>
   <subfield code="e">20090123</subfield>
   <subfield code="h">Αλφαβητική σειρά</subfield>
   <subfield code="p">62511</subfield>
   <subfield code="q">62511</subfield>
   <subfield code="t">NOLOAN</subfield>
   <subfield code="v">τεύχ.219:(Μήνας)Δεκέμβριος;(Έτος)2008</subfield>
   <subfield code="y">23</subfield>
  </datafield>
  <datafield tag="852" ind1=" " ind2=" ">
   <subfield code="a">INST</subfield>
   <subfield code="b">UNIPILB</subfield>
   <subfield code="c">SERIALS</subfield>
   <subfield code="e">20090225</subfield>
   <subfield code="h">Αλφαβητική σειρά</subfield>
   <subfield code="p">63173</subfield>
   <subfield code="q">63173</subfield>
   <subfield code="t">NOLOAN</subfield>
   <subfield code="v">τεύχ.220:(Μήνας)Ιανουάριος;(Έτος)2009</subfield>
   <subfield code="y">23</subfield>
  </datafield>
  <datafield tag="852" ind1=" " ind2=" ">
   <subfield code="a">INST</subfield>
   <subfield code="b">UNIPILB</subfield>
   <subfield code="c">SERIALS</subfield>
   <subfield code="e">20041116</subfield>
   <subfield code="h">Αλφαβητικη σειρά</subfield>
   <subfield code="p">37597</subfield>
   <subfield code="q">37597</subfield>
   <subfield code="t">NOLOAN</subfield>
   <subfield code="v">τεύχ.166:(Μήνας)Ιανουάριος;(Έτος)2004</subfield>
   <subfield code="y">23</subfield>
  </datafield>
  <datafield tag="852" ind1=" " ind2=" ">
   <subfield code="a">INST</subfield>
   <subfield code="b">UNIPILB</subfield>
   <subfield code="c">SERIALS</subfield>
   <subfield code="e">20041116</subfield>
   <subfield code="h">Αλφαβητικη σειρά</subfield>
   <subfield code="p">37598</subfield>
   <subfield code="q">37598</subfield>
   <subfield code="t">NOLOAN</subfield>
   <subfield code="v">τεύχ.168:(Μήνας)Μάρτιος;(Έτος)2004</subfield>
   <subfield code="y">23</subfield>
  </datafield>
  <datafield tag="852" ind1=" " ind2=" ">
   <subfield code="a">INST</subfield>
   <subfield code="b">UNIPILB</subfield>
   <subfield code="c">SERIALS</subfield>
   <subfield code="e">20041116</subfield>
   <subfield code="h">Αλφαβητικη σειρά</subfield>
   <subfield code="p">37599</subfield>
   <subfield code="q">37599</subfield>
   <subfield code="t">NOLOAN</subfield>
   <subfield code="v">τεύχ.169:(Μήνας)Απρίλιος;(Έτος)2004</subfield>
   <subfield code="y">23</subfield>
  </datafield>
  <datafield tag="852" ind1=" " ind2=" ">
   <subfield code="a">INST</subfield>
   <subfield code="b">UNIPILB</subfield>
   <subfield code="c">SERIALS</subfield>
   <subfield code="e">20041116</subfield>
   <subfield code="h">Αλφαβητικη σειρά</subfield>
   <subfield code="p">37600</subfield>
   <subfield code="q">37600</subfield>
   <subfield code="t">NOLOAN</subfield>
   <subfield code="v">τεύχ.170:(Μήνας)Μάιος;(Έτος)2004</subfield>
   <subfield code="y">23</subfield>
  </datafield>
  <datafield tag="852" ind1=" " ind2=" ">
   <subfield code="a">INST</subfield>
   <subfield code="b">UNIPILB</subfield>
   <subfield code="c">SERIALS</subfield>
   <subfield code="e">20041116</subfield>
   <subfield code="h">Αλφαβητικη σειρά</subfield>
   <subfield code="p">37601</subfield>
   <subfield code="q">37601</subfield>
   <subfield code="t">NOLOAN</subfield>
   <subfield code="v">τεύχ.171:(Μήνας)Ιούνιος;(Έτος)2004</subfield>
   <subfield code="y">23</subfield>
  </datafield>
  <datafield tag="852" ind1=" " ind2=" ">
   <subfield code="a">INST</subfield>
   <subfield code="b">UNIPILB</subfield>
   <subfield code="c">SERIALS</subfield>
   <subfield code="e">20041116</subfield>
   <subfield code="h">Αλφαβητικη σειρά</subfield>
   <subfield code="p">37602</subfield>
   <subfield code="q">37602</subfield>
   <subfield code="t">NOLOAN</subfield>
   <subfield code="v">τεύχ.172:(Μήνες)Ιούλ./Αύγ.;(Έτος)2004</subfield>
   <subfield code="y">23</subfield>
  </datafield>
  <datafield tag="852" ind1=" " ind2=" ">
   <subfield code="a">INST</subfield>
   <subfield code="b">UNIPILB</subfield>
   <subfield code="c">SERIALS</subfield>
   <subfield code="e">20041116</subfield>
   <subfield code="h">Αλφαβητικη σειρά</subfield>
   <subfield code="p">37603</subfield>
   <subfield code="q">37603</subfield>
   <subfield code="t">NOLOAN</subfield>
   <subfield code="v">τεύχ.173:(Μήνας)Σεπτέμβριος;(Έτος)2004</subfield>
   <subfield code="y">23</subfield>
  </datafield>
  <datafield tag="852" ind1=" " ind2=" ">
   <subfield code="a">INST</subfield>
   <subfield code="b">UNIPILB</subfield>
   <subfield code="c">SERIALS</subfield>
   <subfield code="e">20041206</subfield>
   <subfield code="h">Αλφαβητικη σειρά</subfield>
   <subfield code="p">38198</subfield>
   <subfield code="q">38198</subfield>
   <subfield code="t">NOLOAN</subfield>
   <subfield code="v">τεύχ.174:(Μήνας)Οκτώβριος;(Έτος)2004</subfield>
   <subfield code="y">23</subfield>
  </datafield>
  <datafield tag="852" ind1=" " ind2=" ">
   <subfield code="a">INST</subfield>
   <subfield code="b">UNIPILB</subfield>
   <subfield code="c">SERIALS</subfield>
   <subfield code="e">20050111</subfield>
   <subfield code="h">Αλφαβητικη σειρά</subfield>
   <subfield code="p">38699</subfield>
   <subfield code="q">38699</subfield>
   <subfield code="t">NOLOAN</subfield>
   <subfield code="v">τεύχ.175:(Μήνας)Νοέμβριος;(Έτος)2004</subfield>
   <subfield code="y">23</subfield>
  </datafield>
  <datafield tag="852" ind1=" " ind2=" ">
   <subfield code="a">INST</subfield>
   <subfield code="b">UNIPILB</subfield>
   <subfield code="c">SERIALS</subfield>
   <subfield code="e">20050228</subfield>
   <subfield code="h">Αλφαβητικη σειρά</subfield>
   <subfield code="p">40596</subfield>
   <subfield code="q">40596</subfield>
   <subfield code="t">NOLOAN</subfield>
   <subfield code="v">τεύχ.167:(Μήνας)Φεβρουάριος;(Έτος)2004</subfield>
   <subfield code="y">23</subfield>
  </datafield>
  <datafield tag="852" ind1=" " ind2=" ">
   <subfield code="a">INST</subfield>
   <subfield code="b">UNIPILB</subfield>
   <subfield code="c">SERIALS</subfield>
   <subfield code="e">20050331</subfield>
   <subfield code="h">Αλφαβητικη σειρά</subfield>
   <subfield code="p">41849</subfield>
   <subfield code="q">41849</subfield>
   <subfield code="t">NOLOAN</subfield>
   <subfield code="v">τεύχ.176:(Μήνας)Ιανουάριος;(Έτος)2005</subfield>
   <subfield code="y">23</subfield>
  </datafield>
  <datafield tag="852" ind1=" " ind2=" ">
   <subfield code="a">INST</subfield>
   <subfield code="b">UNIPILB</subfield>
   <subfield code="c">SERIALS</subfield>
   <subfield code="e">20050607</subfield>
   <subfield code="h">Αλφαβητικη σειρά</subfield>
   <subfield code="p">43735</subfield>
   <subfield code="q">43735</subfield>
   <subfield code="t">NOLOAN</subfield>
   <subfield code="v">τεύχ.177:(Μήνας)Φεβρουάριος;(Έτος)2005</subfield>
   <subfield code="y">23</subfield>
  </datafield>
  <datafield tag="852" ind1=" " ind2=" ">
   <subfield code="a">INST</subfield>
   <subfield code="b">UNIPILB</subfield>
   <subfield code="c">SERIALS</subfield>
   <subfield code="e">20050607</subfield>
   <subfield code="h">Αλφαβητικη σειρά</subfield>
   <subfield code="p">43736</subfield>
   <subfield code="q">43736</subfield>
   <subfield code="t">NOLOAN</subfield>
   <subfield code="v">τεύχ.178:(Μήνας)Μάρτιος;(Έτος)2005</subfield>
   <subfield code="y">23</subfield>
  </datafield>
  <datafield tag="852" ind1=" " ind2=" ">
   <subfield code="a">INST</subfield>
   <subfield code="b">UNIPILB</subfield>
   <subfield code="c">SERIALS</subfield>
   <subfield code="e">20050607</subfield>
   <subfield code="h">Αλφαβητικη σειρά</subfield>
   <subfield code="p">43737</subfield>
   <subfield code="q">43737</subfield>
   <subfield code="t">NOLOAN</subfield>
   <subfield code="v">τεύχ.179:(Μήνας)Απρίλιος;(Έτος)2005</subfield>
   <subfield code="y">23</subfield>
  </datafield>
  <datafield tag="852" ind1=" " ind2=" ">
   <subfield code="a">INST</subfield>
   <subfield code="b">UNIPILB</subfield>
   <subfield code="c">SERIALS</subfield>
   <subfield code="e">20050607</subfield>
   <subfield code="h">Αλφαβητικη σειρά</subfield>
   <subfield code="p">43738</subfield>
   <subfield code="q">43738</subfield>
   <subfield code="t">NOLOAN</subfield>
   <subfield code="v">τεύχ.180:(Μήνας)Μάιος;(Έτος)2005</subfield>
   <subfield code="y">23</subfield>
  </datafield>
  <datafield tag="852" ind1=" " ind2=" ">
   <subfield code="a">INST</subfield>
   <subfield code="b">UNIPILB</subfield>
   <subfield code="c">SERIALS</subfield>
   <subfield code="e">20050607</subfield>
   <subfield code="h">Αλφαβητικη σειρά</subfield>
   <subfield code="p">43739</subfield>
   <subfield code="q">43739</subfield>
   <subfield code="t">NOLOAN</subfield>
   <subfield code="v">τεύχ.181:(Μήνας)Ιούνιος;(Έτος)2005</subfield>
   <subfield code="y">23</subfield>
  </datafield>
  <datafield tag="852" ind1=" " ind2=" ">
   <subfield code="a">INST</subfield>
   <subfield code="b">UNIPILB</subfield>
   <subfield code="c">SERIALS</subfield>
   <subfield code="e">20050704</subfield>
   <subfield code="h">Αλφαβητικη σειρά</subfield>
   <subfield code="p">44425</subfield>
   <subfield code="q">44425</subfield>
   <subfield code="t">NOLOAN</subfield>
   <subfield code="v">τεύχ.182:(Μήνες)Ιούλ./Αύγ.;(Έτος)2005</subfield>
   <subfield code="y">23</subfield>
  </datafield>
  <datafield tag="852" ind1=" " ind2=" ">
   <subfield code="a">INST</subfield>
   <subfield code="b">UNIPILB</subfield>
   <subfield code="c">SERIALS</subfield>
   <subfield code="e">20050913</subfield>
   <subfield code="h">Αλφαβητικη σειρά</subfield>
   <subfield code="p">46592</subfield>
   <subfield code="q">46592</subfield>
   <subfield code="t">NOLOAN</subfield>
   <subfield code="v">τεύχ.183:(Μήνας)Σεπτέμβριος;(Έτος)2005</subfield>
   <subfield code="y">23</subfield>
  </datafield>
  <datafield tag="856" ind1="4" ind2="1">
   <subfield code="u">http://www.touristiki-agora.gr</subfield>
  </datafield>
  <datafield tag="900" ind1=" " ind2=" ">
   <subfield code="a">Τχ. 222 (Μάρτιος 2009)</subfield>
   <subfield code="b">Οφειλόμενο</subfield>
   <subfield code="c">28/07/2009</subfield>
  </datafield>
  <datafield tag="900" ind1=" " ind2=" ">
   <subfield code="a">Τχ. 188 (Φεβρουάριος 2006)</subfield>
   <subfield code="b">Οφειλόμενο</subfield>
   <subfield code="c">04/07/2006</subfield>
  </datafield>
  <datafield tag="900" ind1=" " ind2=" ">
   <subfield code="a">Τχ. 189 (Μάρτιος 2006)</subfield>
   <subfield code="b">Οφειλόμενο</subfield>
   <subfield code="c">09/09/2008</subfield>
  </datafield>
  <datafield tag="900" ind1=" " ind2=" ">
   <subfield code="a">Τχ. 190 (Απρίλιος 2006)</subfield>
   <subfield code="b">Οφειλόμενο</subfield>
   <subfield code="c">09/09/2008</subfield>
  </datafield>
  <datafield tag="900" ind1=" " ind2=" ">
   <subfield code="a">Τχ. 191 (Μάιος 2006)</subfield>
   <subfield code="b">Οφειλόμενο</subfield>
   <subfield code="c">09/09/2008</subfield>
  </datafield>
  <datafield tag="900" ind1=" " ind2=" ">
   <subfield code="a">Τχ. 192 (Ιούνιος 2006)</subfield>
   <subfield code="b">Οφειλόμενο</subfield>
   <subfield code="c">09/09/2008</subfield>
  </datafield>
  <datafield tag="900" ind1=" " ind2=" ">
   <subfield code="a">Τχ. 193 (Ιούλ./Αύγ. 2006)</subfield>
   <subfield code="b">Οφειλόμενο</subfield>
   <subfield code="c">09/09/2008</subfield>
  </datafield>
  <datafield tag="900" ind1=" " ind2=" ">
   <subfield code="a">Τχ. 194 (Σεπτέμβριος 2006)</subfield>
   <subfield code="b">Οφειλόμενο</subfield>
   <subfield code="c">09/09/2008</subfield>
  </datafield>
  <datafield tag="900" ind1=" " ind2=" ">
   <subfield code="a">Τχ. 195 (Οκτώβριος 2006)</subfield>
   <subfield code="b">Οφειλόμενο</subfield>
   <subfield code="c">09/09/2008</subfield>
  </datafield>
  <datafield tag="900" ind1=" " ind2=" ">
   <subfield code="a">Τχ. 196 (Νοέμβριος 2006)</subfield>
   <subfield code="b">Οφειλόμενο</subfield>
   <subfield code="c">09/09/2008</subfield>
  </datafield>
  <datafield tag="900" ind1=" " ind2=" ">
   <subfield code="a">Τχ. 197 (Δεκέμβριος 2006)</subfield>
   <subfield code="b">Οφειλόμενο</subfield>
   <subfield code="c">09/09/2008</subfield>
  </datafield>
  <datafield tag="900" ind1=" " ind2=" ">
   <subfield code="a">Τχ. 198 (Ιανουάριος 2007)</subfield>
   <subfield code="b">Οφειλόμενο</subfield>
   <subfield code="c">09/09/2008</subfield>
  </datafield>
  <datafield tag="900" ind1=" " ind2=" ">
   <subfield code="a">Τχ. 199 (Φεβρουάριος 2007)</subfield>
   <subfield code="b">Οφειλόμενο</subfield>
   <subfield code="c">09/09/2008</subfield>
  </datafield>
  <datafield tag="900" ind1=" " ind2=" ">
   <subfield code="a">Τχ. 200 (Μάρτιος 2007)</subfield>
   <subfield code="b">Οφειλόμενο</subfield>
   <subfield code="c">09/09/2008</subfield>
  </datafield>
  <datafield tag="900" ind1=" " ind2=" ">
   <subfield code="a">Τχ. 201 (Απρίλιος 2007)</subfield>
   <subfield code="b">Οφειλόμενο</subfield>
   <subfield code="c">09/09/2008</subfield>
  </datafield>
  <datafield tag="900" ind1=" " ind2=" ">
   <subfield code="a">Τχ. 202 (Μάιος 2007)</subfield>
   <subfield code="b">Οφειλόμενο</subfield>
   <subfield code="c">09/09/2008</subfield>
  </datafield>
  <datafield tag="900" ind1=" " ind2=" ">
   <subfield code="a">Τχ. 203 (Ιούνιος 2007)</subfield>
   <subfield code="b">Οφειλόμενο</subfield>
   <subfield code="c">09/09/2008</subfield>
  </datafield>
  <datafield tag="900" ind1=" " ind2=" ">
   <subfield code="a">Τχ. 204 (Ιούλ./Αύγ. 2007)</subfield>
   <subfield code="b">Οφειλόμενο</subfield>
   <subfield code="c">09/09/2008</subfield>
  </datafield>
  <datafield tag="900" ind1=" " ind2=" ">
   <subfield code="a">Τχ. 205 (Σεπτέμβριος 2007)</subfield>
   <subfield code="b">Οφειλόμενο</subfield>
   <subfield code="c">09/09/2008</subfield>
  </datafield>
  <datafield tag="900" ind1=" " ind2=" ">
   <subfield code="a">Τχ. 206 (Οκτώβριος 2007)</subfield>
   <subfield code="b">Οφειλόμενο</subfield>
   <subfield code="c">09/09/2008</subfield>
  </datafield>
  <datafield tag="900" ind1=" " ind2=" ">
   <subfield code="a">Τχ. 207 (Νοέμβριος 2007)</subfield>
   <subfield code="b">Οφειλόμενο</subfield>
   <subfield code="c">09/09/2008</subfield>
  </datafield>
  <datafield tag="900" ind1=" " ind2=" ">
   <subfield code="a">Τχ. 208 (Δεκέμβριος 2007)</subfield>
   <subfield code="b">Οφειλόμενο</subfield>
   <subfield code="c">09/09/2008</subfield>
  </datafield>
  <datafield tag="900" ind1=" " ind2=" ">
   <subfield code="a">Τχ. 209 (Ιανουάριος 2008)</subfield>
   <subfield code="b">Οφειλόμενο</subfield>
   <subfield code="c">09/09/2008</subfield>
  </datafield>
  <datafield tag="900" ind1=" " ind2=" ">
   <subfield code="a">Τχ. 210 (Φεβρουάριος 2008)</subfield>
   <subfield code="b">Οφειλόμενο</subfield>
   <subfield code="c">09/09/2008</subfield>
  </datafield>
  <datafield tag="900" ind1=" " ind2=" ">
   <subfield code="a">Τχ. 211 (Μάρτιος 2008)</subfield>
   <subfield code="b">Οφειλόμενο</subfield>
   <subfield code="c">09/09/2008</subfield>
  </datafield>
  <datafield tag="900" ind1=" " ind2=" ">
   <subfield code="a">Τχ. 221 (Φεβρουάριος 2009)</subfield>
   <subfield code="b">Οφειλόμενο</subfield>
   <subfield code="c">30/06/2009</subfield>
  </datafield>
  <datafield tag="950" ind1=" " ind2=" ">
   <subfield code="a">01/01/2004</subfield>
   <subfield code="c">COMPUPRESS</subfield>
   <subfield code="d">57</subfield>
  </datafield>
  <datafield tag="951" ind1=" " ind2=" ">
   <subfield code="a">Τχ. 216 (Σεπτέμβριος 2008) - Τχ. 220 (Ιανουάριος 2009)</subfield>
   <subfield code="b">Main run</subfield>
  </datafield>
  <datafield tag="951" ind1=" " ind2=" ">
   <subfield code="a">Τχ.100(Ιαν.1998) -  (τχ.165(Δεκ.2003)</subfield>
   <subfield code="b">Main run</subfield>
  </datafield>
  <datafield tag="951" ind1=" " ind2=" ">
   <subfield code="a">Τχ. 166 (Ιανουάριος 2004)</subfield>
   <subfield code="b">Main run</subfield>
  </datafield>
  <datafield tag="951" ind1=" " ind2=" ">
   <subfield code="a">Τχ. 167 (Φεβρουάριος 2004) - Τχ. 171 (Ιούνιος 2004)</subfield>
   <subfield code="b">Main run</subfield>
  </datafield>
  <datafield tag="951" ind1=" " ind2=" ">
   <subfield code="a">Τχ. 172 (Ιούλ./Αύγ. 2004)</subfield>
   <subfield code="b">Main run</subfield>
  </datafield>
  <datafield tag="951" ind1=" " ind2=" ">
   <subfield code="a">Τχ. 173 (Σεπτέμβριος 2004) - Τχ. 181 (Ιούνιος 2005)</subfield>
   <subfield code="b">Main run</subfield>
  </datafield>
  <datafield tag="951" ind1=" " ind2=" ">
   <subfield code="a">Τχ. 182 (Ιούλ./Αύγ. 2005)</subfield>
   <subfield code="b">Main run</subfield>
  </datafield>
  <datafield tag="951" ind1=" " ind2=" ">
   <subfield code="a">Τχ. 183 (Σεπτέμβριος 2005) - Τχ. 187 (Ιανουάριος 2006)</subfield>
   <subfield code="b">Main run</subfield>
  </datafield>
  <datafield tag="951" ind1=" " ind2=" ">
   <subfield code="a">Τχ. 212 (Απρίλιος 2008) - Τχ. 214 (Ιούνιος 2008)</subfield>
   <subfield code="b">Main run</subfield>
  </datafield>
  <datafield tag="951" ind1=" " ind2=" ">
   <subfield code="a">Τχ. 215 (Ιούλ./Αύγ. 2008)</subfield>
   <subfield code="b">Main run</subfield>
  </datafield>
 </record>
</collection>
